000 00707nam a22002057a 4500
005 20260416125748.0
008 260416b |||||||| |||| 00| 0 eng d
020 _a9781284099416
050 _a RT89
_b.D38 2017
100 _a Davidson, Sandra,
245 _aLeadership for evidence-based innovation in nursing and health professions /
260 _aBurlington, Massachusetts :
_bJones & Bartlett Learning,
_c2017
300 _a xix, 551 pages :
_billustrations ;
_c 23 cm
500 _a Includes bibliographical references.
650 _aEvidence-Based Nursing.
650 _aOrganizational Innovation.
650 _aNurse Administrators
700 _a Weberg, Daniel Robert,
942 _2lcc
_cBK
999 _c60360
_d60360